The Day Martin Luther King Jr. Was Shot : (Record no. 4928)

MARC details
000 -LEADER
fixed length control field 01046nam a22002897a 4500
001 - CONTROL NUMBER
control field 4928
003 - CONTROL NUMBER IDENTIFIER
control field FISKH
005 - DATE AND TIME OF LATEST TRANSACTION
control field 20241025111047.0
008 - FIXED-LENGTH DATA ELEMENTS--GENERAL INFORMATION
fixed length control field 241025b cb ||||| |||| 00| 0 eng d
020 ## - INTERNATIONAL STANDARD BOOK NUMBER
International Standard Book Number 9780590436618
040 ## - CATALOGING SOURCE
Original cataloging agency FISKH
Language of cataloging eng
Transcribing agency FISKH
Modifying agency FISKH
050 ## - LIBRARY OF CONGRESS CALL NUMBER
Classification number E185.H32
082 ## - DEWEY DECIMAL CLASSIFICATION NUMBER
Classification number 323.1196073
100 ## - MAIN ENTRY--PERSONAL NAME
Personal name Haskin, Jim
245 ## - TITLE STATEMENT
Title The Day Martin Luther King Jr. Was Shot :
Remainder of title A photo History of the Civil Rights Movement /
Statement of responsibility, etc. by Jim Haskins
250 ## - EDITION STATEMENT
Edition statement First Scholastic printing, January 1992
260 ## - PUBLICATION, DISTRIBUTION, ETC.
Place of publication, distribution, etc. New York :
Name of publisher, distributor, etc. Scholastic ;
Date of publication, distribution, etc. 1992 .
300 ## - PHYSICAL DESCRIPTION
Extent 96 pages :
Other physical details illustrations : maps ;
Dimensions 26 cm .
505 ## - FORMATTED CONTENTS NOTE
Formatted contents note Z <br/>
520 ## - SUMMARY, ETC.
Summary, etc. Presents the history of the civil rights movement through pictures, newspaper clippings, and text, from colonial times to 1991, framed within the life of Martin Luther King, Jr.
521 8# - TARGET AUDIENCE NOTE
Target audience note 1140 <br/>
Source Lexile <br/>
521 8# - TARGET AUDIENCE NOTE
Target audience note Z <br/>
Source Raz-Plus <br/>
650 ## - SUBJECT ADDED ENTRY--TOPICAL TERM
Topical term or geographic name entry element African American
Form subdivision non-fiction
700 ## - ADDED ENTRY--PERSONAL NAME
Personal name Morrissey, Georgia
Relator term Book disigner
942 ## - ADDED ENTRY ELEMENTS (KOHA)
Source of classification or shelving scheme Dewey Decimal Classification
Koha item type Books
Suppress in OPAC No
Holdings
Withdrawn status Lost status Source of classification or shelving scheme Damaged status Not for loan Collection Home library Current library Shelving location Date acquired Total Checkouts Full call number Barcode Date last seen Price effective from Koha item type
    Dewey Decimal Classification     Non-Fiction Footprints International School Library Network Toul Kork Campus Footprints International School Library Network Toul Kork Campus TTP Secondary Non-Fiction Bookshelves 10/25/2024   HAS 323.1196073 E185.H32 FISSE01304 10/25/2024 10/25/2024 Books